• 首页
  • 本馆介绍
  • 公告通知
  • 最新文献
  • 馆藏检索
  • 电子资源
  • 读者导购
  • 参考咨询
  • 我的图书馆
  • 登录
  • 详细信息显示
  • 放入我的书架
  • 预约/预借图书
  • 作者相关作品
  • 分类相关作品
  • 丛书相关作品
  • 出版社相关作品

书目信息

  • 表格格式
  • 工作单格式
  • 卡片格式
题名:
微生物学实验与指导
    
 
作者: 周长林 主编
分册:  
出版信息: 北京   中国医药科技出版社  2015
页数: 285页
开本: 26cm
丛书名: 全国高等医药院校药学类实验双语教材
单 册:
中图分类: Q93-33
科图分类:
主题词: 微生物学--wei sheng wu xue--实验--医学院校--教材
电子资源:
ISBN: 978-7-5067-7753-7
000 01397nam 2200325 450
001 012001000380
005 20191108081651.54
010    @a978-7-5067-7753-7@dCNY39.00
099    @aCAL 012015147813
100    @a20150924d2015 em y0chiy50 ea
101 0  @achi@aeng
102    @aCN@b110000
105    @aak a 000yy
106    @ar
200 1  @a微生物学实验与指导@Awei sheng wu xue shi yan yu zhi dao@d= Experiment and guide for microbiology@f主编周长林@zeng
205    @a第3版
210    @a北京@c中国医药科技出版社@d2015
215    @a285页@c图@d26cm
225 2  @a全国高等医药院校药学类实验双语教材@Aquan guo gao deng yi yao yuan xiao yao xue lei shi yan shuang yu jiao cai@v22
300    @a普通高等教育“十一五”国家级规划教材
320    @a有书目 (第285页)
330    @a本书共分九个部分,内容主要包括微生物学实验基本原理、基本方法,细菌、放线菌、真菌、病毒等的形态结构和培养特征,微生物遗传学、免疫学、药学微生物学实验技术、综合性实验和设计性实验。
333    @a本书可供高等医药院校药学类专业微生物学实验教学使用,同时可供药品质量检验人员参考。
410  0 @12001@@a全国高等医药院校药学类实验双语教材@v22
510 1  @aExperiment and guide for microbiology@zeng
606 0  @a微生物学@Awei sheng wu xue@x实验@x医学院校@j教材
690    @aQ93-33@v5
701  0 @a周长林@Azhou chang lin@4主编
801  0 @aCN@b北京卓展文化@c20191020
905    @b1196019-21@dQ93-33@e101=3@f3
    
    微生物学实验与指导= Experiment and guide for microbiology/主编周长林.-第3版.-北京:中国医药科技出版社,2015
    285页:图;26cm.-(全国高等医药院校药学类实验双语教材;22)
    普通高等教育“十一五”国家级规划教材.-使用对象:本书可供高等医药院校药学类专业微生物学实验教学使用,同时可供药品质量检验人员参考。
    
    ISBN 978-7-5067-7753-7:CNY39.00
    本书共分九个部分,内容主要包括微生物学实验基本原理、基本方法,细菌、放线菌、真菌、病毒等的形态结构和培养特征,微生物遗传学、免疫学、药学微生物学实验技术、综合性实验和设计性实验。
●
相关链接 在E读中查询图书 在五车中查询图书 在当当中查询图书 在豆瓣中查询图书


正题名:微生物学实验与指导     索取号:Q93-33/101=3         预约/预借

序号 登录号 条形码 馆藏地/架位号 状态 备注
1 1196019   211960190   第二样本阅览室/ [索取号:Q93-33/101=3] 在馆    
2 1196020   211960207   第三借阅区/ [索取号:Q93-33/101=3] 在馆    
3 1196021   211960216   第三借阅区/ [索取号:Q93-33/101=3] 在馆    
唐山师范学院图书馆 欢迎您!
大连网信软件有限公司© 版权所有